| 000 | 00432nam a2200121Ia 4500 | ||
|---|---|---|---|
| 008 | 220217s9999 xx 000 0 und d | ||
| 245 | 0 | _aMethods of test for natural rubber. Part 9. Determination of solvent extract. NR: 10 (First Revision) | |
| 260 | _aNew Delhi | ||
| 260 |
_c1989 _bBureau of Indian Standards |
||
| 500 | _aStandard number: IS 3660 (Part 9) | ||
| 650 | _aNatural rubber, solvent extract determination | ||
| 942 | _cST | ||
| 999 |
_c73717 _d73717 |
||